=LDR 00000nam 2200000 4500 =001 INLIS000000000039509 =005 20200217090244 =035 ##$$a 0010-061300000039509 =008 200217################g##########0#ind## =041 ##$$a Ind =082 ##$$a 153.8 =090 ##$$a 153.8, Joy s =100 ##$$a Joyner, Mark =245 1#$$a Simple. ology : $b cara sederhana untuk mendapatkan semua keinginan anda /$c Joyner, mark; Alih bahasa, Kusnandar =260 ##$$a Jakarta :$b Gramedia,$c 2008 =300 ##$$a Xiii, 246 hlm : $b Ilus ; $c 15 x 23 cm =850 ##$$a NBPNMAT =020 ##$$a 978-979-22-3824-2 =084 ##$$a 153.8 JOY s =650 #4$$a Kemauan =990 ##$$a 0001/BPAP-NTB/20142014 =990 ##$$a 21104925/ Pb - 2011 =990 ##$$a 21104924/Pb - 2011